000 00648nam a2200205Ia 4500
003 OSt
005 20230721095007.0
008 210716s2000 xx 000 0 und d
040 _cAIMIT LIBRARY
041 _aeng
082 _a004.81
_21
_bUPTE
245 _aO level programme:
_bmodule i internet and web page designing /
250 _a1st ed.
260 _aLucknow :
_bUptec Computer Consultancy Ltd ,
_c2000.
300 _axx,338p. ;
_bPB
_c27 cm.
650 _aComputer communication and networks
_9128001
650 _aUsenet and internet relay chat
_9128002
650 _aWeb publishing
_9128003
942 _2ddc
_cBK
_e1st ed.
_k004.81 UPTE
999 _c183884
_d183884